Alle Städte, die mehr Einwohner als die Schweiz haben - Statistiken

Allgemein
  • Dieses Quiz wurde 98 mal gespielt
  • Das Durchschnittsergebnis liegt bei 27 aus 44
Antwortstatistiken
Land Antwort Einwohner % Korrekt
Japan Tokio 37.115.000
96%
Vereinigtes Königreich London 9.748.000
95%
Russland Moskau 12.712.000
93%
Frankreich Paris 11.276.000
93%
Brasilien Rio De Janeiro 13.820.000
93%
China Peking 22.189.000
92%
Mexiko Mexiko-Stadt 22.505.000
88%
Ägypten Kairo 22.623.000
87%
China Shanghai 29.967.000
87%
Türkei Istanbul 16.047.000
86%
Südkorea Seoul 10.000.000
85%
Thailand Bangkok 11.233.000
82%
Indien Mumbai 21.673.000
82%
Brasilien São Paulo 22.806.000
81%
Argentinien Buenos Aires 15.618.000
80%
Peru Lima 11.361.000
79%
Indien Delhi 33.807.000
76%
Kolumbien Bogota 11.658.000
74%
Indonesien Jakarta 11.435.000
74%
Iran Teheran 9.616.000
74%
Philippinen Manila 14.941.000
70%
Japan Osaka 18.967.000
68%
Nigeria Lagos 16.536.000
65%
DR Kongo Kinshasa 17.032.000
63%
Malaysia Kuala Lumpur 8.818.000
63%
Bangladesch Dhaka 23.935.000
62%
Vietnam Ho Chi Minh Stadt 9.567.000
55%
China Guangzhou 14.590.000
54%
Angola Luanda 9.651.000
51%
China Wuhan 8.850.000
48%
Indien Kalkutta 15.570.000
44%
Pakistan Lahore 14.407.000
38%
China Xi‘an 9.013.000
38%
Indien Chennai 12.053.000
32%
China Shenzhen 13.313.000
32%
Japan Nagoya 9.556.000
31%
Indien Ahmedabad 8.854.000
30%
Pakistan Karachi 17.648.000
29%
China Chengdu 9.838.000
27%
Indien Hyderabad 11.068.000
27%
China Chongqing 17.773.000
23%
Indien Bengaluru 14.008.000
21%
China Tianjin 14.470.000
19%
China Nanjing 9.947.000
17%
Keine übereinstimmenden Quizze gefunden
Verteilung der Resultate
Anzahl Personen mit jedem Resultat
Perzentil nach korrekt beantworteten Fragen
Ihre Resultats-Entwicklung
Sie haben dieses Quiz noch nicht gespielt